<?xml version="1.0" encoding="UTF-8"?>
<record
    xmlns:xsi="http://www.w3.org/2001/XMLSchema-instance"
    xsi:schemaLocation="http://www.loc.gov/MARC21/slim http://www.loc.gov/standards/marcxml/schema/MARC21slim.xsd"
    xmlns="http://www.loc.gov/MARC21/slim">

  <leader>01310nam a22002057a 4500</leader>
  <controlfield tag="005">20231103144100.0</controlfield>
  <controlfield tag="008">231026b           ||||| |||| 00| 0 eng d</controlfield>
  <datafield tag="020" ind1=" " ind2=" ">
    <subfield code="a">9789358560800</subfield>
  </datafield>
  <datafield tag="040" ind1=" " ind2=" ">
    <subfield code="c">AL</subfield>
  </datafield>
  <datafield tag="041" ind1=" " ind2=" ">
    <subfield code="a">eng</subfield>
  </datafield>
  <datafield tag="082" ind1=" " ind2=" ">
    <subfield code="2">23</subfield>
    <subfield code="a">294.5923</subfield>
    <subfield code="b">RAYM</subfield>
  </datafield>
  <datafield tag="100" ind1=" " ind2=" ">
    <subfield code="a">Sudarshan Ray</subfield>
    <subfield code="9">139574</subfield>
  </datafield>
  <datafield tag="245" ind1=" " ind2=" ">
    <subfield code="a">Mahabharata: The great Indian epic</subfield>
  </datafield>
  <datafield tag="260" ind1=" " ind2=" ">
    <subfield code="a">New Delhi</subfield>
    <subfield code="b">Prakash Books</subfield>
    <subfield code="c">2023</subfield>
  </datafield>
  <datafield tag="300" ind1=" " ind2=" ">
    <subfield code="a">480p.</subfield>
    <subfield code="b">PB</subfield>
    <subfield code="c">19.7x13cm.</subfield>
  </datafield>
  <datafield tag="365" ind1=" " ind2=" ">
    <subfield code="2">General</subfield>
    <subfield code="a">BLCR-000056</subfield>
    <subfield code="b">&#x20B9;279.65</subfield>
    <subfield code="c">&#x20B9;</subfield>
    <subfield code="d">&#x20B9;329.00</subfield>
    <subfield code="e">15%</subfield>
    <subfield code="f">17-10-2023</subfield>
  </datafield>
  <datafield tag="520" ind1=" " ind2=" ">
    <subfield code="a">In this gripping retelling of the ancient Indian epic, you will be transported into a world of warring kingdoms, magic, and divine intervention. Through the eyes of the Pandavas and Kauravas, witness a tale of love, loss, and redemption, as they battle for control of their kingdom and their own destinies. With vivid descriptions of the Kurukshetra War and political intrigue&#x2014; read the Mahabharata like never before! &#x2022; A massive epic.&#x2022; Explores concepts such as dharma, karma, and the nature of the self.&#x2022; A rich and compelling work of literature.&#x2022; Continues to be a source of inspiration and guidance for millions of people around the world.&#x2022; Its themes of war, love, betrayal, and redemption are timeless.

</subfield>
  </datafield>
  <datafield tag="650" ind1=" " ind2=" ">
    <subfield code="2">Religions</subfield>
    <subfield code="a">Mahabharata</subfield>
    <subfield code="9">139575</subfield>
  </datafield>
  <datafield tag="942" ind1=" " ind2=" ">
    <subfield code="2">ddc</subfield>
    <subfield code="c">BK</subfield>
  </datafield>
  <datafield tag="999" ind1=" " ind2=" ">
    <subfield code="c">229027</subfield>
    <subfield code="d">229027</subfield>
  </datafield>
  <datafield tag="952" ind1=" " ind2=" ">
    <subfield code="0">0</subfield>
    <subfield code="1">0</subfield>
    <subfield code="2">ddc</subfield>
    <subfield code="4">0</subfield>
    <subfield code="7">0</subfield>
    <subfield code="8">GEN</subfield>
    <subfield code="a">SACPG</subfield>
    <subfield code="b">SACPG</subfield>
    <subfield code="d">2023-10-25</subfield>
    <subfield code="e">Navakarnataka Publications Pvt.Ltd</subfield>
    <subfield code="g">279.65</subfield>
    <subfield code="l">0</subfield>
    <subfield code="o">294.5923 RAYM</subfield>
    <subfield code="p">PG024424</subfield>
    <subfield code="r">2023-10-26 00:00:00</subfield>
    <subfield code="v">329.00</subfield>
    <subfield code="w">2023-10-26</subfield>
    <subfield code="y">BK</subfield>
  </datafield>
</record>
